000 01290cam a22002774a 4500
001 12699974
005 20030924102215.0
008 020311s2002 kyu b 001 0 eng
010 _a 2002016869
020 _a0664222315 (alk. paper)
040 _aDLC
_cDLC
_dDLC
042 _apcc
050 0 0 _aBS1192.5
_b.B785 2002
100 1 _aBrueggemann, Walter.
245 1 0 _aReverberations of faith :
_ba theological handbook of Old Testament themes /
_cWalter Brueggemann.
250 _a1st ed.
260 _aLouisville, Ky. :
_bWestminster John Knox Press,
_cc2002.
300 _axii, 256 p. ;
_c23 cm.
504 _aIncludes bibliographical references and indexes.
650 _aBible, O.T.
_xTheology.
906 _a7
_bcbc
_corignew
_d1
_eocip
_f20
_gy-gencatlg
942 _2lcc
_cBK
999 _c34990
_d34990